Algunas consideraciones sobre la gangrena de las extremidades inferiores en los arterio-esclerósicos y sobre su tratamiento operatorio sin motivo de once casos clínicos (Record no. 141278)

MARC details
000 -LEADER
campo de control de longitud fija 00817nam a2200205 i 4500
001 - NÚMERO DE CONTROL
campo de control 141278
003 - IDENTIFICADOR DE NÚMERO DE CONTROL
campo de control ES-MaACL
005 - FECHA Y HORA DE LA ÚLTIMA TRANSACCIÓN
campo de control 20250812081331.0
007 - CAMPO FIJO DE DESCRIPCIÓN FÍSICA--INFORMACIÓN GENERAL
campo de control de longitud fija t|
008 - DATOS DE LONGITUD FIJA--INFORMACIÓN GENERAL
campo de control de longitud fija 070920s1906 sp ||||1| spa d
100 1# - ENTRADA PRINCIPAL--NOMBRE DE PERSONA
Nombre de persona Villar Madrueño, Julio.
9 (RLIN) 115094
245 10 - MENCIÓN DEL TÍTULO
Título Algunas consideraciones sobre la gangrena de las extremidades inferiores en los arterio-esclerósicos y sobre su tratamiento operatorio sin motivo de once casos clínicos
Resto del título : memoria para el doctorado en Medicina /
Mención de responsabilidad, etc. Julio Villar Madrueño.
260 ## - PUBLICACIÓN, DISTRIBUCIÓN, ETC.
Lugar de publicación, distribución, etc. Valladolid :
Nombre del editor, distribuidor, etc. Andrés Martín,
Fecha de publicación, distribución, etc. 1906.
300 ## - DESCRIPCIÓN FÍSICA
Extensión 77 p. ;
Dimensiones 24 cm.
500 ## - NOTA GENERAL
Nota general Precede al tít.: Facultad de Medicina... 1905.
650 14 - PUNTO DE ACCESO ADICIONAL DE MATERIA--TÉRMINO DE MATERIA
Término de materia o nombre geográfico como elemento de entrada Coagulación sanguínea.
9 (RLIN) 11124
650 17 - PUNTO DE ACCESO ADICIONAL DE MATERIA--TÉRMINO DE MATERIA
Término de materia o nombre geográfico como elemento de entrada Arteriosclerosis
Fuente del encabezamiento o término embne
9 (RLIN) 144124
852 ## - LOCALIZACIÓN
Ubicación ES-MaACL
Número de control de estantería T-1211-F-4
Holdings
Estatus retirado Estado de pérdida Estado de daño No para préstamo Colección Biblioteca de origen Biblioteca actual Ubicación en estantería Fecha de adquisición Fuente de adquisición Total de préstamos Signatura topográfica completa Código de barras Visto por última vez Precio de reemplazo Tipo de ítem Koha
        Colección de folletos Biblioteca del Ateneo de Madrid Biblioteca del Ateneo de Madrid Depósito folletos 17/01/2008     T-1211-F-4 1147004 23/02/2023 23/02/2023 Folleto